1109 1912 1546 1729 1562 1085 1985 1033 1105 1027 1461 1114 1231 1102 1344 1255 1187 1646 1833 1594 1941 1642 1659 1862 1290 1225 1551 1117 1904 1500 1543 1701 1923 1463 1721 1149 1737 1586 1467 1159 1336 1509 1723 1670 1846 1876 1925 1117 1923 1603 1639 1305 1545 1771 1338 1770 1314 1562 1904 1665 1401 1136 1116 1174 1836 1683 1530 1850 1879 1086 1551 1892 1134 1904 1685 1787 1108 1412 1178 1263 1363 1488 1934 1969 1960 1029 1912 1376 1374 1083 1848 1145 1794 1180 1143 1986 1389 1401 1812 BCNSPRNW ULIB Ver.6.0+V

เปลี่ยนเป็นภาษาไทย

Change to English
 แสดงรายละเอียดบรรณานุกรม
  กลับหน้าหลัก

Brief Record : Get Marc (ISO 2709) : E-mail record : QR code < ปิดหน้าต่าง
LEADER : 00000nam 2200000uu 4500
001    13399111358
003     ULIB
008    110623s2552||||th 000 0 tha d
020    9786165070041
060 04 QU145^bว432ร 2552
100 0  วันทนีย์ เกรียงสินยศ
245 10 รู้กิน-รู้โรค /^cโดยวันทนีย์ เกรียงสินยศ
250    พิมพ์ครั้งที่ 1
260    กรุงเทพฯ :^bหมอชาวบ้าน,^c2552
300    121 หน้า :^bภาพประกอบ ;^c21 ซม.
650  7 โภชนบำบัด
650  7 โรค^xการป้องกันและควบคุม
650  7 อาหารเพื่อสุขภาพ
945    ^p165^l0^i17757
995    กัณชพร
999 ^a ใช้งานได้ทุกระบบ
รายการนี้ยังไม่มีแท็ก
คุณยังไม่ได้ล็อกอิน คุณสามารถมีกิจกรรมร่วมกับเว็บไซต์ได้ แต่ต้องล็อกอินก่อน ::
  ล็อกอิน

รายการสื่อสารสนเทศ

ลำดับที่ ประเภท เลขเรียก/บาร์โค้ด สถานที่ สถานะ
- ไม่พบข้อมูล -

รายการใกล้เคียง
    ผู้แต่ง [วันทนีย์ เกรียงสินยศ]

    หัวเรื่อง [โภชนบำบัด]
    หัวเรื่อง [อาหารเพื่อสุขภาพ]

BibComment


ยังไม่เคยถูกคอมเมนท์

คอมเมนท์ทรัพยากรรายการนี้
  คอมเมนท์: รู้กินรู้โรค โดย..


 Copyright 2026. Bcnsprnw @Library